00503nmm a2200133Ia 4500008004100000020001800041041000800059245011900067264005700186300001800243490004100261650001600302856005100318251105s9999||||xx |||||||||||||||||und|| a9788490731932 aspa 0aMisericordiosos como el Padre :b Encuentros bíblicos desde la Lectio Divina para descubrir al Dios Misericordia a[Madrid, España] :bEditorial Verbo Divino, c2015 a168 páginas aAnimación Bíblica de la Pastoral aReligion(s) uhttps://public.digitaliapublishing.com/a/38639